000 00964cab a2200289 4500
001 ABS56344
008 090401t1996 xxu||||| |||| 00| 0 eng d
035 _a(Sirsi) u23009
041 _aeng
100 _aVoorhees, J
245 _aIS0 14000 standards and brownfields redevelopment: a solution to managing environmental property risks
260 _c1996
350 _a0
490 _aJournal of Property Development
_v1(2) October 1996, 89-96(8)
520 _aLooks at the problem of abandoned and redundant industrial sites, `Brownfield` sites, in the USA. Discusses the solutions offered by IS0 14000 standards.
650 _aBROWNFIELD SITES
650 _aFORMER INDUSTRIAL SITES
650 _aIS0 14000
650 _aREDUNDANT INDUSTRIAL SITES
650 _aSTANDARDS
650 _aUNITED STATES
650 _aURBAN AREAS
690 _aENVIRONMENTAL AND LAND CONSULTANCY
700 _aAckerman, J.
942 _n0
948 _c04/03/1997
999 _c15423
_d15423